000 01195nam a2200241Ia 4500
999 _c34627
_d34627
001 392
003 GE_BSU
005 20200131142256.0
008 181216s2006||||ge |||||||||||||| ||geo||
020 _a999405127X
040 _cGE_BSU
041 _ageo
080 _a005.3+316.6 გ–98
100 _aგუტბროდი, ჰანს
_96633
245 _aსაქმიანი ურთიერთობები
_bსახელმძღვ. მომზადებულია სპეციალურად საქართველოსათვის /
_cჰანს გუტბროდი, ნანა დანელია ; [რედ.: რუსუდან ამირეჯიბი-მალენი].
264 _aთბილისი :
_bუნივერსალი,
_c2006.
300 _a166 გვ.;
_b19 სმ.
653 _a საქმიანი მიმოწერა
653 _a დოკუმენტები
700 _aდანელია, ნანა
_eავტორი
_96634
710 _aამირეჯიბი-მალენი, რუსუდან
_bრედაქტორი
_96635
942 _cBK
_2udc